000 01310nam a22002777a 4500
005 20091114111517.0
008 091114t xxu||||| |||| 00| 0 hin d
010 _aHIN-88535
020 _a9788180971198
_c600.00
035 _aHN-60881
037 _bDBAD / PUB
040 _aDPL
_bHN
082 _a306.0954
100 _aचतुर्वेदी, रेखा
245 _aशब्द- संस्कृति और विचारः
_cरेखा चतुर्वेदी
_b(इतिहास, धर्म, दर्शन और कला) /
246 _aShabda, Sanskriti Aur Vichar :
_bby Rekha Chaturvedi
260 _aइलाहाबाद
_bसाहित्य संगम
_c2008
270 _aनया 100, लूकरगंज
_bइलाहाबाद
_e1
300 _a364पृ
_c22सेमी (सजिल्द)
650 _aभारत
_xइतिहास
650 _aIndia
_xHistory
651 _aभारत
_xसभ्यता
651 _aIndia
_xCivilization
942 _2ddc
_cHN
_h306.0954
_mचतुर्वे
999 _c31793
_d31793